| 000 | 00586nam a2200181Ia 4500 | ||
|---|---|---|---|
| 003 | GCL | ||
| 008 | 140319s9999 xx 000 0 ara d | ||
| 040 |
_aGCL / _cGCL |
||
| 082 | 0 | 4 |
_a915.5957 _bد د |
| 245 | 1 | 0 | _aدليل فودورز السياحى سنغافورة |
| 250 | _aالاولى | ||
| 260 |
_aبيروت : _bالدار العربية للعلوم ، _c1993 |
||
| 300 |
_a302 ص ؛ _c24 سم |
||
| 650 | 0 | 4 | _aاندونيسيا - وصف ورحلات |
| 650 | 0 | 4 | _aسنغافورة - وصف ورحلات |
| 650 | 0 | 4 | _aماليزيا - وصف ورحلات |
| 942 |
_2ddc _cBK |
||
| 999 |
_c3248 _d3248 |
||